| 000 | 00851nam a2200217 a 4500 | ||
|---|---|---|---|
| 001 | 000023233 | ||
| 003 | AM-YEHGA | ||
| 005 | 20250618070841.0 | ||
| 008 | 030329s1957 ai |||||||||||||||||arm|c | ||
| 040 | _aAM-YeHGA | ||
| 041 | 1 |
_aarm _hrus _heng |
|
| 100 | 1 |
_aԴոյլ, Արթուր Կոնան _946 |
|
| 245 | 1 | 0 |
_aԿորուսյալ աշխարհ / _cԱ. Կոնան-Դոյլ ; Ռուս. թարգմ.՝ Խ. Հրաչյան; Խմբ.՝ Վ. Դանիելյան. |
| 260 |
_aԵրևան : _bՀայպետհրատ, _c1957. |
||
| 300 |
_a269 էջ : _bնկ. ; _c21 սմ. |
||
| 650 | 1 | 4 |
_aԱնգլիական գրականություն _xԴետեկտիվ |
| 700 | 1 |
_aՀրաչյան, Խաչիկ Թադևոսի, _d1912-1989 _4trl _91925 |
|
| 700 | 1 |
_aԴանիելյան, Վլադիմիր Գալուստի, _d1927- _eխմբ. _4edt _92553 |
|
| 942 |
_2udc _cBK |
||
| 090 | _c9198 | ||
| 999 |
_c9135 _d9135 |
||